Score 0/78 Timer 10:00
3 Plays Today
% Correct
All You Need is Love
95.1%
Hey Jude
94.9%
Yellow Submarine
93.4%
Bohemian Rhapsody
92.1%
Eleanor Rigby
91.3%
Help!
90.4%
Yesterday
90.1%
We Are the Champions
89.9%
Candle in the Wind
89.7%
Penny Lane
89.3%
We Will Rock You
89.1%
Strawberry Fields Forever
88.9%
Another One Bites the Dust
88.6%
Rocket Man
87.7%
(I Can't Get No) Satisfaction
86.2%
Here Comes the Sun
85.5%
She Loves You
83.4%
Goodbye Yellow Brick Road
83.1%
Can You Feel the Love Tonight
82.9%
Crocodile Rock
82.7%
Benny & the Jets
81.9%
Fat Bottomed Girls
81.6%
Your Song
81.4%
Faith
80.7%
Stairway to Heaven
80.5%
Space Oddity
79.7%
Rolling in the Deep
78.5%
Wonderwall
78.1%
Careless Whisper
76.7%
Paint It, Black
76.5%
Anarchy in the U.K.
76.1%
Blackbird
75.3%
Radio Ga Ga
74%
Skyfall
74%
Let's Dance
72.2%
I Want to Break Free
72.1%
Don't Stop Me Now
71.9%
Rehab
71.8%
Starman
71.3%
% Correct
Sympathy for the Devil
71.2%
Saturday Night's Alright for Fighting
71%
Life on Mars?
70.7%
You're My Best Friend
70.5%
Champagne Supernova
70.4%
Honky Tonk Women
69.4%
Set Fire to the Rain
69%
Angie
68.9%
Someone Like You
68.5%
Gimme Shelter
68.3%
I Want Your Sex
68.1%
Norwegian Wood
68%
Freedom! '90
67.7%
Whole Lotta Love
66.6%
Black Dog
65.6%
The Show Must Go On
64.9%
Kashmir
62.1%
Father Figure
62%
Rebel Rebel
61.6%
Hot Legs
60.8%
Wild Horses
58.8%
Philadelphia Freedom
54.8%
Honky Cat
53%
I Don't Wanna Talk About It
53%
The First Cut is the Deepest
52.9%
You're in My Heart
51.8%
When the Levee Breaks
50%
Jesus to a Child
49.6%
Nikita
49.5%
Ramble On
47.3%
I Knew You Were Waiting (For Me)
45.5%
Every Picture Tells a Story
45%
Young Turks
44.2%
Reason to Believe
40.7%
Mandolin Wind
35.1%
Cowboys and Angels
33.6%
My Way
31.3%
One More Try
29.8%
Don't Go Away
24.6%
Remove Ads.
Support Sporcle.
Get the best of Sporcle when you Go Orange. This ad-free experience offers more features, more stats, and more fun while also helping to support Sporcle. Thank you for becoming a member.

You're not logged in!

Compare scores with friends on all Sporcle quizzes.
OR
Log In

Show Comments

Extras

Top Quizzes Today


Score Distribution

Your Account Isn't Verified!

In order to create a playlist on Sporcle, you need to verify the email address you used during registration. Go to your Sporcle Settings to finish the process.

Report this User

Report this user for behavior that violates our Community Guidelines.

Details: